[Event "Florianopolis op 11th"]
[Site "Florianopolis"]
[Date "2025.01.26"]
[Round "10"]
[White "Lopez Miller, Indalecio"]
[Black "Silva, Jeferson"]
[Result "1-0"]
[WhiteElo "2161"]
[BlackElo "1985"]
[PlyCount "153"]
[EventDate "2025.01.18"]
[EventType "swiss"]
[EventRounds "10"]
[EventCountry "BRA"]
[SourceTitle "CB05_2025"]
[SourceDate "2025.01.29"]
[SourceVersion "1"]
[SourceVersionDate "2025.01.29"]
[SourceQuality "1"]

1. e4 c5 2. Nf3 Nc6 3. d4 cxd4 4. Nxd4 Nf6 5. Nc3 e5 6. Ndb5 d6 7. a4 a6 8. Na3 Be6 9. Bg5 Be7 10. Bxf6 Bxf6 11. Bc4 0-0 12. 0-0 Rc8 13. Nd5 Bg5 14. c3 Ne7 15. Qb3 Bxd5 16. Bxd5 Nxd5 17. Qxd5 Qc7 18. Rfd1 Qc6 19. Nc2 Kh8 20. Nb4 Qxd5 21. Rxd5 Be7 22. Rd3 f5 23. Re1 Rc4 24. exf5 Rxf5 25. Nd5 Bg5 26. b3 Rc8 27. Nb6 Rc6 28. Nc4 Be7 29. Red1 h6 30. Ne3 Rf8 31. c4 a5 32. Nd5 Bd8 33. Nc3 Bb6 34. R1d2 Bd4 35. Nd5 Rf7 36. g3 Rc8 37. Kg2 Bc5 38. Re2 Rcf8 39. f3 h5 40. Nc3 Bd4 41. Ne4 Rd7 42. Ng5 Rf5 43. h4 g6 44. Ne6 d5 45. cxd5 Rxd5 46. Rc2 Rf6 47. Rc8+ Kh7 48. Ng5+ Kg7 49. Rc7+ Kg8 50. Rxb7 Rc5 51. Ne4 Rc2+ 52. Rd2 Rfc6 53. Rxc2 Rxc2+ 54. Kf1 Kf8 55. Rb5 Rb2 56. g4 hxg4 57. fxg4 Ke7 58. Rxa5 Rxb3 59. Rb5 Rh3 60. Rb7+ Kd8 61. Rh7 Re3 62. Ng5 Ra3 63. Rh6 Rxa4 64. Rxg6 Ke7 65. h5 Be3 66. Nf3 Bf4 67. Nh4 e4 68. Nf5+ Kf7 69. g5 Ra1+ 70. Kg2 Ra2+ 71. Kh3 e3 72. Rf6+ Kg8 73. Ne7+ Kg7 74. h6+ Kh7 75. Rf7+ Kh8 76. Ng6+ Kg8 77. Rg7# 1-0

[Event "Florianopolis op 11th"]
[Site "Florianopolis"]
[Date "2025.01.22"]
[Round "6"]
[White "Silva, Juliana Figueira Th"]
[Black "Silva, Jeferson"]
[Result "1-0"]
[WhiteElo "1807"]
[BlackElo "1985"]
[PlyCount "87"]
[EventDate "2025.01.18"]
[EventType "swiss"]
[EventRounds "10"]
[EventCountry "BRA"]
[SourceTitle "CB05_2025"]
[SourceDate "2025.01.29"]
[SourceVersion "1"]
[SourceVersionDate "2025.01.29"]
[SourceQuality "1"]

1. d4 d5 2. c4 e6 3. Nf3 c5 4. cxd5 exd5 5. g3 Nc6 6. Bg2 Nf6 7. 0-0 cxd4 8. Nxd4 Qb6 9. Nb3 Be7 10. Be3 Qa6 11. Nc3 0-0 12. Rc1 Bg4 13. h3 Bh5 14. f4 d4 15. Bxd4 Rad8 16. g4 Nxd4 17. Nxd4 Bxg4 18. hxg4 Nxg4 19. Nd5 Bf6 20. Qd2 Bxd4+ 21. Qxd4 Qh6 22. Rf3 Qh2+ 23. Kf1 Qh5 24. Rd3 Kh8 25. e4 f5 26. e5 Qg6 27. Rcc3 Rd7 28. Rc7 Rfd8 29. Rxd7 Rxd7 30. Qc4 Qe8 31. Qa4 Qc8 32. Rc3 Qd8 33. Qc2 Qh4 34. Rc8+ Rd8 35. Rxd8+ Qxd8 36. Qc7 Qe8 37. Qe7 Qb5+ 38. Kg1 h5 39. Qf8+ Kh7 40. Qxf5+ g6 41. Qf7+ Kh8 42. Qf8+ Kh7 43. Nf6+ Nxf6 44. exf6 1-0

[Event "Brasilia op"]
[Site "Brasilia"]
[Date "2025.01.10"]
[Round "6"]
[White "Silva, Jeferson"]
[Black "De Fassio, Davi dos Santos"]
[Result "1-0"]
[WhiteElo "1985"]
[BlackElo "1788"]
[PlyCount "123"]
[EventDate "2025.01.07"]
[EventType "swiss"]
[EventRounds "9"]
[EventCountry "BRA"]
[SourceTitle "CB12_2025"]
[SourceDate "2025.03.19"]
[SourceVersion "1"]
[SourceVersionDate "2025.03.19"]
[SourceQuality "1"]

1. d4 Nf6 2. c4 g6 3. f3 d5 4. cxd5 Nxd5 5. e4 Nb6 6. Be3 Bg7 7. Nc3 0-0 8. Qd2 e6 9. 0-0-0 Nc6 10. h4 Qe7 11. Bg5 Qd7 12. e5 Ne7 13. Ne4 Ned5 14. Bf6 Qa4 15. a3 Qb3 16. Bd3 Na4 17. Bxg7 Kxg7 18. h5 Nf4 19. Bb1 Rd8 20. hxg6 fxg6 21. Ne2 Qc4+ 22. N2c3 Nxc3 23. bxc3 Ne2+ 24. Kb2 Qb5+ 25. Ka1 h5 26. Bd3 Nxd4 27. Bxb5 Nb3+ 28. Kb2 Nxd2 29. Rxd2 Rxd2+ 30. Nxd2 b6 31. Bc6 Rb8 32. Ne4 Ba6 33. Rd1 Rf8 34. Ng5 Bc8 35. Bd7 Bxd7 36. Rxd7+ Kg8 37. Nh7 Rf5 38. Nf6+ Kf8 39. Rxc7 Rf4 40. Rxa7 Rh4 41. Rd7 Rh2 42. Rd2 h4 43. Kc2 h3 44. gxh3 Rxh3 45. Rd3 b5 46. Kb3 Rh4 47. Ne4 Rh5 48. f4 Rf5 49. Ng5 Ke7 50. Rd4 Rf8 51. Kb4 Rb8 52. Rd6 Rf8 53. Rxe6+ Kd7 54. Rf6 Rb8 55. Rxg6 Rc8 56. Rg7+ Kc6 57. e6 Kb6 58. e7 Ka6 59. Rg6+ Kb7 60. Re6 Re8 61. Nh7 Ka7 62. Nf6 1-0

[Event "Brasilia op"]
[Site "Brasilia"]
[Date "2025.01.09"]
[Round "4"]
[White "Lima, Darcy Gustavo Macha"]
[Black "Silva, Jeferson"]
[Result "1-0"]
[WhiteElo "2370"]
[BlackElo "1985"]
[PlyCount "51"]
[EventDate "2025.01.07"]
[EventType "swiss"]
[EventRounds "9"]
[EventCountry "BRA"]
[SourceTitle "CB12_2025"]
[SourceDate "2025.03.19"]
[SourceVersion "1"]
[SourceVersionDate "2025.03.19"]
[SourceQuality "1"]

1. e4 c5 2. Nf3 Nc6 3. Bb5 e6 4. Nc3 Nge7 5. 0-0 a6 6. Bxc6 Nxc6 7. d4 cxd4 8. Nxd4 Be7 9. Nxc6 bxc6 10. e5 0-0 11. Bf4 f6 12. exf6 Rxf6 13. Bd6 e5 14. Bxe7 Qxe7 15. Nd5 Qf7 16. Nxf6+ Qxf6 17. c4 d6 18. Qb3 Qe7 19. Rfe1 c5 20. Rad1 Bb7 21. Qb6 Rf8 22. Qxd6 Qg5 23. Qe6+ Kh8 24. Qh3 Qf4 25. Qg3 Qf5 26. f3 1-0

[Event "Florianopolis Winter op 8th"]
[Site "Florianopolis"]
[Date "2024.07.13"]
[Round "7"]
[White "Silva, Jeferson"]
[Black "Borgmann, Alexandre"]
[Result "1-0"]
[WhiteElo "1993"]
[BlackElo "1710"]
[PlyCount "39"]
[EventDate "2024.07.09"]
[EventType "swiss"]
[EventRounds "9"]
[EventCountry "BRA"]
[SourceTitle "CBM 221 Extra"]
[Source "ChessBase"]
[SourceDate "2024.09.30"]
[SourceVersion "1"]
[SourceVersionDate "2024.09.30"]
[SourceQuality "1"]

1. d4 Nf6 2. c4 g6 3. Nc3 Bg7 4. e4 d6 5. f3 0-0 6. Be3 Nbd7 7. Nh3 e5 8. d5 c6 9. dxc6 bxc6 10. Qxd6 Bb7 11. Rd1 Qa5 12. b4 Qa3 13. Qd2 a5 14. b5 Nc5 15. Nb1 Qa4 16. Bxc5 Rfd8 17. Qxd8+ Rxd8 18. Rxd8+ Bf8 19. Bxf8 h5 20. Ng5 1-0

[Event "Florianopolis op"]
[Site "Florianopolis"]
[Date "2024.05.18"]
[Round "4"]
[White "Dias, Joao Batista de Sou"]
[Black "Silva, Jeferson"]
[Result "0-1"]
[WhiteElo "1848"]
[BlackElo "1981"]
[PlyCount "52"]
[EventDate "2024.05.16"]
[EventType "swiss"]
[EventRounds "6"]
[EventCountry "BRA"]
[SourceTitle "EXT 2025"]
[Source "ChessBase"]
[SourceDate "2024.10.14"]
[SourceVersion "1"]
[SourceVersionDate "2024.10.14"]
[SourceQuality "1"]

1. e4 c5 2. Nf3 Nc6 3. d4 cxd4 4. Nxd4 d6 5. Nc3 Nf6 6. Nxc6 bxc6 7. Bd3 e5 8. 0-0 Be7 9. b3 0-0 10. a4 a5 11. Bg5 h6 12. Bxf6 Bxf6 13. Ne2 Be6 14. Qe1 Qb6 15. Rd1 d5 16. Ng3 g6 17. Qe2 h5 18. Qe3 Qxe3 19. fxe3 Bg5 20. Rde1 h4 21. Nh1 f5 22. exf5 gxf5 23. Kf2 e4 24. Be2 f4 25. exf4 Bxf4 26. Bh5 Bg3+ 0-1

[Event "Florianopolis op"]
[Site "Florianopolis"]
[Date "2024.05.17"]
[Round "2"]
[White "Silva, Jeferson"]
[Black "Rodrigues, Edgar"]
[Result "1/2-1/2"]
[WhiteElo "1981"]
[BlackElo "2230"]
[PlyCount "169"]
[EventDate "2024.05.16"]
[EventType "swiss"]
[EventRounds "6"]
[EventCountry "BRA"]
[SourceTitle "EXT 2025"]
[Source "ChessBase"]
[SourceDate "2024.10.14"]
[SourceVersion "1"]
[SourceVersionDate "2024.10.14"]
[SourceQuality "1"]

1. d4 Nf6 2. c4 c5 3. d5 e6 4. Nc3 exd5 5. cxd5 d6 6. e4 g6 7. f3 Bg7 8. Bg5 0-0 9. Qd2 Na6 10. Nge2 Nc7 11. Ng3 Bd7 12. a4 a6 13. a5 Bb5 14. Be2 Re8 15. 0-0 Qb8 16. Qf4 Nd7 17. Bh6 Be5 18. Qg4 Bd4+ 19. Kh1 Ne5 20. Qh4 Nd7 21. f4 Qd8 22. Qg4 Nf6 23. Qf3 Nd7 24. Bxb5 Nxb5 25. e5 dxe5 26. f5 e4 27. Ncxe4 Ne5 28. Qf4 Nd3 29. Qd2 Nb4 30. fxg6 fxg6 31. Qf4 Nxd5 32. Qf7+ Kh8 33. Bg5 Rf8 34. Bxd8 Rxf7 35. Rxf7 Rxd8 36. Rxb7 Bxb2 37. Rf1 Ne3 38. Rff7 Kg8 39. Rfd7 Rxd7 40. Rxd7 c4 41. Ne2 h6 42. Nf4 g5 43. Ne6 Be5 44. Rb7 c3 45. Nxc3 Bxc3 46. Nc5 Bxa5 47. Nxa6 Nd6 48. Rd7 Nf7 49. Nc5 Kg7 50. Nb7 Nc4 51. Rd4 Nfe5 52. Nxa5 Nxa5 53. Rd6 Nf7 54. Ra6 Nc4 55. Kg1 Ncd6 56. Kf2 Kf6 57. Ra8 Kf5 58. h3 Ne5 59. Rf8+ Ndf7 60. Kg3 h5 61. Kf2 Ke4 62. Kg1 Nd6 63. Rh8 h4 64. Rg8 Kf4 65. Rf8+ Ke3 66. Rb8 Ne4 67. Rb5 Nd3 68. Rd5 Nf4 69. Re5 Ne2+ 70. Kf1 N2g3+ 71. Kg1 Kf4 72. Re8 Nf5 73. Rf8 Nc3 74. Kf2 Nd1+ 75. Ke1 Nde3 76. Kf2 Nc2 77. Kg1 Ncd4 78. Kf2 Ne6 79. Re8 Nfd4 80. Rg8 Kf5 81. g3 hxg3+ 82. Kxg3 Kf6 83. h4 Nf5+ 84. Kg4 Nh6+ 85. Kg3 1/2-1/2

[Event "Florianopolis op 10th"]
[Site "Florianopolis"]
[Date "2024.01.26"]
[Round "8"]
[White "Silva, Jeferson"]
[Black "De Oliveira, Gustavo Alfredo Bue"]
[Result "0-1"]
[WhiteElo "1957"]
[BlackElo "2147"]
[PlyCount "114"]
[EventDate "2024.01.20"]
[EventType "swiss"]
[EventRounds "10"]
[EventCountry "BRA"]
[SourceTitle "CBM 218 Extra"]
[Source "ChessBase"]
[SourceDate "2024.03.31"]
[SourceVersion "1"]
[SourceVersionDate "2024.03.31"]
[SourceQuality "1"]

1. d4 Nf6 2. c4 e6 3. Nc3 Bb4 4. e3 0-0 5. Bd3 b6 6. Nge2 Bb7 7. 0-0 d5 8. cxd5 exd5 9. Ng3 Re8 10. a3 Bf8 11. b4 Nbd7 12. Rb1 a6 13. a4 a5 14. b5 Rc8 15. Qb3 h5 16. Ba3 h4 17. Nge2 Bxa3 18. Qxa3 Ne4 19. Nxe4 dxe4 20. Bc4 h3 21. g3 Qf6 22. Rfc1 g5 23. Nc3 c5 24. bxc6 Rxc6 25. Bf1 Qf3 26. Nb5 Rec8 27. Rxc6 Rxc6 28. Rc1 Nf8 29. Rxc6 Bxc6 30. Nc3 Qf5 31. Qd6 Qd7 32. Qb8 Bxa4 33. Qxb6 Bc2 34. Qxa5 Bd3 35. Qxg5+ Ng6 36. Ne2 Qa4 37. Qg4 Qd1 38. f4 exf3 39. Qxf3 Ne7 40. Kf2 Nf5 41. Bxh3 Nd6 42. Qg4+ Kf8 43. Bg2 Nc4 44. Bd5 Nb2 45. Qf3 Bg6 46. e4 Nd3+ 47. Ke3 Ne1 48. Qf6 Nc2+ 49. Kf2 Qe1+ 50. Kg2 Qxe2+ 51. Kh3 Ne3 52. Qh8+ Ke7 53. Qe5+ Kd7 54. Qf4 Qg2+ 55. Kh4 Qxh2+ 56. Kg5 Qh5+ 57. Kf6 Ng4+ 0-1

[Event "Florianopolis op 10th"]
[Site "Florianopolis"]
[Date "2024.01.23"]
[Round "5"]
[White "Federzoni, Enzo"]
[Black "Silva, Jeferson"]
[Result "1-0"]
[WhiteElo "2170"]
[BlackElo "1957"]
[PlyCount "79"]
[EventDate "2024.01.20"]
[EventType "swiss"]
[EventRounds "10"]
[EventCountry "BRA"]
[SourceTitle "CBM 218 Extra"]
[Source "ChessBase"]
[SourceDate "2024.03.31"]
[SourceVersion "1"]
[SourceVersionDate "2024.03.31"]
[SourceQuality "1"]

1. e4 c5 2. Nf3 d6 3. d4 cxd4 4. Nxd4 Nf6 5. Nc3 Nc6 6. Bg5 e6 7. Qd3 Be7 8. 0-0-0 a6 9. Nxc6 bxc6 10. Qg3 e5 11. Be2 Rb8 12. Rd3 Qb6 13. b3 0-0 14. Bxf6 Bxf6 15. Rxd6 Kh8 16. Bc4 Qc5 17. Rhd1 a5 18. a4 Rb4 19. Ne2 Rxc4 20. bxc4 Qxc4 21. Qd3 Qxa4 22. Rxf6 gxf6 23. Qd6 Qb4 24. Qxf6+ Kg8 25. Qg5+ Kh8 26. Qxe5+ f6 27. Qd6 Ba6 28. Nf4 Rf7 29. Qxb4 axb4 30. Rd8+ Kg7 31. Rb8 Bb5 32. Ne6+ Kg6 33. Nd4 Re7 34. f3 Re5 35. Rb7 Rc5 36. Nf5 Rxf5 37. exf5+ Kxf5 38. Rxh7 Kf4 39. Rg7 Bc4 40. Rg4+ 1-0

[Event "Florianopolis op 10th"]
[Site "Florianopolis"]
[Date "2024.01.20"]
[Round "1"]
[White "Balbinotti, Rafael Tiago Busane"]
[Black "Silva, Jeferson"]
[Result "0-1"]
[WhiteElo "1345"]
[BlackElo "1957"]
[PlyCount "88"]
[EventDate "2024.01.20"]
[EventType "swiss"]
[EventRounds "10"]
[EventCountry "BRA"]
[SourceTitle "CBM 218 Extra"]
[Source "ChessBase"]
[SourceDate "2024.03.31"]
[SourceVersion "1"]
[SourceVersionDate "2024.03.31"]
[SourceQuality "1"]

1. d4 Nf6 2. c4 e6 3. Nf3 d5 4. Bg5 Be7 5. cxd5 exd5 6. Nc3 c6 7. e3 Bf5 8. Bd3 Bxd3 9. Qxd3 Nbd7 10. 0-0 0-0 11. h3 Re8 12. a3 Ne4 13. Bxe7 Qxe7 14. b4 b5 15. Rac1 a5 16. Na2 Rec8 17. Rc2 Nb6 18. Ne5 Nc4 19. f3 Ned6 20. Nxc4 Nxc4 21. e4 axb4 22. axb4 Ra3 23. Nc3 dxe4 24. fxe4 Qxb4 25. Qf3 Qe7 26. Nd5 cxd5 27. Qg4 Rd8 28. Rf3 Ne3 29. Rxe3 Rxe3 30. e5 b4 31. Qf4 Rc3 32. Rb2 b3 33. Qd2 Rdc8 34. Qe2 Qh4 35. e6 Qxd4+ 36. Kh1 Rc1+ 37. Kh2 Qg1+ 38. Kg3 R1c3+ 39. Kh4 Qd4+ 40. g4 Qf6+ 41. g5 R8c4+ 42. Qg4 Rxg4+ 43. hxg4 h6 44. gxf6 g5+ 0-1

[Event "Criciuma op"]
[Site "Criciuma"]
[Date "2023.01.17"]
[Round "7"]
[White "Cardoso, Catharina Alves"]
[Black "Silva, Jeferson"]
[Result "0-1"]
[WhiteElo "1214"]
[BlackElo "1941"]
[PlyCount "72"]
[EventDate "2023.01.13"]
[EventType "swiss"]
[EventRounds "9"]
[EventCountry "BRA"]
[SourceTitle "CBM 212 Extra"]
[Source "ChessBase"]
[SourceDate "2023.03.31"]
[SourceVersion "1"]
[SourceVersionDate "2023.03.31"]
[SourceQuality "1"]

1. e4 c5 2. Nf3 Nc6 3. d4 cxd4 4. Nxd4 Nf6 5. Nc3 d6 6. Be3 Ng4 7. Qd2 Nxe3 8. Qxe3 e5 9. Nb3 Be7 10. Be2 0-0 11. 0-0 a5 12. f4 a4 13. Nd2 exf4 14. Qxf4 Bg5 15. Qg3 Bxd2 16. Nd5 Be6 17. Nf6+ Kh8 18. Nh5 Bh6 19. Nf4 Ne5 20. Nxe6 Qb6+ 21. Kh1 fxe6 22. b4 Qxb4 23. Rxf8+ Rxf8 24. Rf1 Rxf1+ 25. Bxf1 Qxe4 26. Qc3 Qc6 27. Qa5 Qe8 28. Bb5 Qf8 29. Qxa4 Nc6 30. Kg1 d5 31. Qg4 Be3+ 32. Kh1 Qb4 33. Qe2 Qb1+ 34. Qf1 Qxf1+ 35. Bxf1 Nb4 36. c4 Nxa2 0-1

[Event "Criciuma op"]
[Site "Criciuma"]
[Date "2023.01.17"]
[Round "6"]
[White "Silva, Jeferson"]
[Black "Cardoso, Lucas Emanuel Alves"]
[Result "0-1"]
[WhiteElo "1941"]
[BlackElo "1550"]
[PlyCount "90"]
[EventDate "2023.01.13"]
[EventType "swiss"]
[EventRounds "9"]
[EventCountry "BRA"]
[SourceTitle "CBM 212 Extra"]
[Source "ChessBase"]
[SourceDate "2023.03.31"]
[SourceVersion "1"]
[SourceVersionDate "2023.03.31"]
[SourceQuality "1"]

1. e4 c5 2. Nf3 d6 3. d4 cxd4 4. Nxd4 Nf6 5. Nc3 a6 6. Be2 e5 7. Nf3 Be7 8. h3 0-0 9. 0-0 Qc7 10. a4 b6 11. Bg5 Be6 12. Re1 Nbd7 13. Qd2 Rfe8 14. Rad1 Bf8 15. Nh2 h6 16. Be3 Nc5 17. f3 Rac8 18. Kh1 Qb7 19. Bf2 Rc7 20. Ng4 Nxg4 21. hxg4 Rec8 22. g3 Nd7 23. Be3 Nf6 24. g5 hxg5 25. Bxg5 Nh7 26. g4 Nxg5 27. Qxg5 Be7 28. Qh5 g6 29. Qh6 Bf8 30. Qh3 b5 31. axb5 axb5 32. Qf1 Bc4 33. Bd3 Kg7 34. Re2 b4 35. Nd5 Bxd5 36. exd5 b3 37. c3 Ra8 38. Rh2 Kg8 39. Be4 Ra2 40. g5 Qa7 41. f4 Qe3 42. Re1 Qxf4 43. Qh3 Bg7 44. Bb1 Ra1 45. Rf1 Rxb1 0-1

[Event "Criciuma op"]
[Site "Criciuma"]
[Date "2023.01.16"]
[Round "5"]
[White "Librelato, Kathie Goulart"]
[Black "Silva, Jeferson"]
[Result "1-0"]
[WhiteElo "2171"]
[BlackElo "1941"]
[PlyCount "59"]
[EventDate "2023.01.13"]
[EventType "swiss"]
[EventRounds "9"]
[EventCountry "BRA"]
[SourceTitle "CBM 212 Extra"]
[Source "ChessBase"]
[SourceDate "2023.03.31"]
[SourceVersion "1"]
[SourceVersionDate "2023.03.31"]
[SourceQuality "1"]

1. e4 c5 2. Nf3 d6 3. d4 cxd4 4. Nxd4 Nf6 5. Nc3 Nc6 6. Bc4 e6 7. Be3 a6 8. Bb3 Be7 9. Qe2 0-0 10. 0-0-0 Qc7 11. g4 Nxd4 12. Bxd4 b5 13. g5 Nd7 14. f4 Nc5 15. Rhg1 b4 16. Na4 Nxa4 17. Bxa4 e5 18. Be3 exf4 19. Bxf4 Be6 20. Kb1 Rfd8 21. Rd4 Qc5 22. Qd2 Rab8 23. h4 Qa5 24. Bb3 Qc5 25. Rd1 Bxb3 26. axb3 Rdc8 27. Bxd6 Bxd6 28. Rxd6 g6 29. Rd7 Rc7 30. Rd8+ 1-0

[Event "Florianopolis Spring op 2nd"]
[Site "Florianopolis"]
[Date "2022.10.23"]
[Round "6"]
[White "Silva, Jeferson"]
[Black "Gomes, Maria Eduarda Papin"]
[Result "1/2-1/2"]
[WhiteElo "1951"]
[BlackElo "1671"]
[PlyCount "45"]
[EventDate "2022.10.21"]
[EventType "swiss"]
[EventRounds "6"]
[EventCountry "BRA"]
[SourceTitle "EXT 2024"]
[Source "ChessBase"]
[SourceDate "2023.10.10"]
[SourceVersion "1"]
[SourceVersionDate "2023.10.10"]
[SourceQuality "1"]

1. d4 Nf6 2. Bg5 g6 3. Nd2 Bg7 4. e4 d6 5. Bc4 0-0 6. Bb3 Nbd7 7. Ngf3 c5 8. e5 dxe5 9. dxe5 Ne8 10. e6 fxe6 11. Bxe6+ Kh8 12. Nc4 Nc7 13. Bxd7 Qxd7 14. Qxd7 Bxd7 15. 0-0 Bb5 16. Nfd2 Bxc4 17. Nxc4 b5 18. Ne3 Bxb2 19. Bxe7 Bxa1 20. Bxf8 Rxf8 21. Rxa1 Re8 22. Kf1 Kg7 23. Ke2 1/2-1/2

[Event "Pan American-ch Seniors 50"]
[Site "Florianopolis"]
[Date "2022.06.23"]
[Round "4"]
[White "Silva, Jeferson"]
[Black "Araujo, Adalberto Marcos"]
[Result "1/2-1/2"]
[WhiteElo "1872"]
[BlackElo "2198"]
[PlyCount "79"]
[EventDate "2022.06.21"]
[EventType "swiss"]
[EventRounds "9"]
[EventCountry "BRA"]
[SourceTitle "CBM 209 Extra"]
[Source "ChessBase"]
[SourceDate "2022.09.30"]
[SourceVersion "1"]
[SourceVersionDate "2022.09.30"]
[SourceQuality "1"]

1. d4 Nf6 2. c4 g6 3. Nc3 Bg7 4. g3 0-0 5. Bg2 d6 6. Nf3 Nc6 7. 0-0 a6 8. b3 Rb8 9. e3 b5 10. Qc2 b4 11. Nd5 Nh5 12. Bb2 e6 13. Nf4 Nxf4 14. gxf4 Ne7 15. Rfd1 Bb7 16. a3 a5 17. axb4 axb4 18. Ra4 Bc6 19. Ra6 Ra8 20. Rda1 Rxa6 21. Rxa6 Qc8 22. Ra5 Qb7 23. d5 exd5 24. Bxg7 Kxg7 25. Nd4 Ra8 26. Rxa8 Qxa8 27. Qb2 Kg8 28. Nxc6 Qxc6 29. Qd2 Qc5 30. Bxd5 c6 31. Be4 d5 32. cxd5 cxd5 33. Bf3 h5 34. Kg2 Qc3 35. Qd1 Qc5 36. Qd2 Kg7 37. Qd1 Kf6 38. Qd3 Kg7 39. Qd2 Qc3 40. Qd1 1/2-1/2

[Event "Florianopolis Autumn op U2300"]
[Site "Florianopolis"]
[Date "2022.05.15"]
[Round "6"]
[White "De Freitas, Isabella Ribeiro Co"]
[Black "Silva, Jeferson"]
[Result "1/2-1/2"]
[WhiteElo "1852"]
[BlackElo "1824"]
[PlyCount "45"]
[EventDate "2022.05.13"]
[EventType "swiss"]
[EventRounds "6"]
[EventCountry "BRA"]
[SourceTitle "CBM 208 Extra"]
[Source "ChessBase"]
[SourceDate "2022.07.31"]
[SourceVersion "1"]
[SourceVersionDate "2022.07.31"]
[SourceQuality "1"]

1. e4 c5 2. Nf3 Nc6 3. d4 cxd4 4. Nxd4 Nf6 5. Nc3 d6 6. Be3 e5 7. Nb3 Be6 8. f3 Be7 9. Qd2 a6 10. g4 h6 11. 0-0-0 Na5 12. Kb1 Nc4 13. Bxc4 Bxc4 14. Na4 Nd7 15. Nc3 Nf6 16. Qf2 b5 17. Bb6 Qc8 18. Na5 Be6 19. h4 Rb8 20. Ba7 Ra8 21. Bb6 Rb8 22. Ba7 Ra8 23. Bb6 1/2-1/2